Responses for Show #6270 - Friday, December 16, 2011

Jason Keller game 1.
Alex acknowledges a 102-year-old woman (and Jeopardy! fan) in the audience.

Contestants

[<< previous game]

Leslie Hamilton, a teacher and swim coach from Erlanger, Kentucky

Jason Keller, a tutor from Highland Park, New Jersey

Beth Watkins, a graduate student of medieval studies from Savannah, Georgia (whose 1-day cash winnings total $37,200)

[next game >>]

Jeopardy! Round responses

THE INTERNET
ANTONYMIC BOOK TITLES
CANADA ROCKS
TIME FOR LUNCH
JOHN, PAUL, GEORGE
THING"O"
(Alex: In this case, each correct response will end with the letter O.)
    $200 9
golf

Jason
    $200 3
Sons & Lovers

Leslie
    $200 1
The Band

Triple Stumper
    $200 19
Subway

Beth
    $200 16
JFK

Jason
    $200 5
falsetto

Leslie
    $400 10
lyrics

Leslie
    $400 4
Paradise Lost

Jason
    $400 2
(Beth: Who is Gordon Lightfoot?)

Neil Young

Beth
Triple Stumper
    $400 20
carp

Triple Stumper
    $400 24
Paul Revere

Jason
    $400 11
Cheerio

Leslie
    $600 14
Pandora

Jason
    $600 6
Pride & Prejudice

Jason
    $600 28
"The Safety Dance"

Leslie
    $600 21
cannoli

Leslie
    $1,000 27
George Washington Carver

Jason
    $600 12
(Leslie: What is Plinko?)

Pachinko

BethLeslie
    $800 15
Roulette

Beth
    $800 7
The Queen Of The Damned

Beth
    $800 29
Arcade Fire

Beth
    $800 22
turtle

Leslie
    $800 26
(John Foster) Dulles

Jason
    $800 13
bunko

Jason
    $1000 17
Tumblr

Leslie
    $1000 8
Cold Mountain

Jason
    $1000 30
Rush

Beth
    $1000 23
ambrosia

Leslie
    $1000 25
(Alex: The British actor [*].)

Paul Scofield

Triple Stumper
    $1000 18
aficionado

Jason

Scores at the first commercial break (after clue 15):

Beth Jason Leslie
$1,800 $3,600 $600

Scores at the end of the Jeopardy! Round:

Beth Jason Leslie
$3,800 $7,000 $4,600

Double Jeopardy! Round responses

HISTORIC LEADERS' LETTERS TO SANTA
A STONY CATEGORY
ANATOMICAL ETYMOLOGY
LAKE CITY
(Alex: You have to name the largest lake each city lies on, or is near.)
STREEP TEASE
THE VILLAGE IDIOM
    $400 1
Nero

Leslie
    $400 21
the Statue of Liberty

Jason
    $400 13
patella

Jason
    $400 3
(Lake) Erie

Jason
    $400 26
(Leslie: What is Julia & Julia? [*]?)
(Alex: No. Yes, you corrected yourself in time, and that's good news for you.)

Julie & Julia

Leslie
    $400 8
a square peg

Beth
    $800 2
Napoleon

Jason
    $800 22
the Supreme Court

Leslie
    $800 14
hearing

Jason
    $800 4
(Jason: What is Lake Tahoe?)
(Beth: What is Lake George?)

Lake Mead

BethJason
Triple Stumper
    $800 9
the fat

Leslie
    $1200 18
Montezuma

Jason
    $1200 23
a prison

Triple Stumper
    $1200 15
coccyx

Leslie
    $2,000 5
Lake Victoria

Jason
    $1200 10
blood

Jason
    $1600 19
Richard III

Leslie
    $2,000 24
neolithic and paleolithic

Leslie
    $1600 16
dura mater

Jason
    $1600 6
Lake Titicaca

Jason
    $1600 28
[The end-of-round signal sounds.]

Bridges of Madison County

Beth
    $1600 11
yeoman

Jason
    $2000 20
Ramses

Triple Stumper
    $2000 25
(Beth: Who are the Toltecs?)

Olmec

BethJason
    $2000 17
(Jason: What is omega?)

upsilon

Jason
Triple Stumper
    $2000 7
the Caspian

Jason
    $2000 27
The Manchurian Candidate

Leslie
    $2000 12
where the bodies are buried

Triple Stumper

Scores at the end of the Double Jeopardy! Round:

Beth Jason Leslie
$3,000 $20,200 $13,800

[wagering suggestions for these scores]

Final Jeopardy! Round responses

WORD HISTORY
BethWhat is a ??
$3,000
LeslieWhat is a dependent?
$7,242
JasonWhat is addict?
$8,000
addict

Final scores:

Beth Jason Leslie
$0 $28,200 $6,558
3rd place: $1,000 New champion: $28,200 2nd place: $2,000

Game dynamics:

Coryat scores:

Beth Jason Leslie
$3,000 $19,000 $13,400
8 R,
3 W
24 R
(including 2 DDs),
2 W
17 R
(including 1 DD),
1 W

Combined Coryat: $35,400

[game clues] [game scores] [suggest correction]

Game tape date: 2011-10-25
The J! Archive is created by fans, for fans. Scraping, republication, monetization, and malicious use prohibited; this site may use cookies and collect identifying information. See terms. The Jeopardy! game show and all elements thereof, including but not limited to copyright and trademark thereto, are the property of Jeopardy Productions, Inc. and are protected under law. This website is not affiliated with, sponsored by, or operated by Jeopardy Productions, Inc. Join the discussion at JBoard.tv.